Libro de Manuel /
El libro de Manuel (1973) es la gran novela política de Julio Cortázar. Una síntesis polémica de sus búsquedas estéticas y su interés por los movimientos revolucionarios de aquellos años. Puede leerse como un desplazamiento natural de los personajes y los temas de Rayuela hacia las urgencias y los f...
| Main Author: | |
|---|---|
| Format: | Libro |
| Language: | Spanish |
| Published: |
Buenos Aires
Alfaguara
1995
|
| Edition: | 1a. ed. |
| Subjects: | |
| Online Access: |
MARC
| LEADER | 00000cam a2200000 a 4500 | ||
|---|---|---|---|
| 001 | 025665 | ||
| 003 | UAHC_CL | ||
| 005 | 20170803122542.0 | ||
| 008 | 091209s1998 ag 000 1 spa | ||
| 020 | |a 9505112092 | ||
| 040 | |a UAHC_CL |c UAHC_CL |d UAHC_CL | ||
| 082 | 0 | 4 | |a Ar863 |b C827 |2 20 |
| 100 | 1 | |a Cortázar, Julio | |
| 245 | 1 | 0 | |a Libro de Manuel / |c Julio Cortázar. |
| 250 | |a 1a. ed. | ||
| 260 | |b Alfaguara |a Buenos Aires |c 1995 | ||
| 300 | |a 351 p. | ||
| 520 | |a El libro de Manuel (1973) es la gran novela política de Julio Cortázar. Una síntesis polémica de sus búsquedas estéticas y su interés por los movimientos revolucionarios de aquellos años. Puede leerse como un desplazamiento natural de los personajes y los temas de Rayuela hacia las urgencias y los fervores de un mundo convulsionado. Pero conserva de aquella novela fundamental toda la fantasía, el desenfado y la frescura que han hecho de Cortázar un escritor único e irrepetible dentro del panorama literario del siglo veinte. | ||
| 650 | 4 | |a NOVELAS ARGENTINAS | |
| 900 | |a Ar863 CORL | ||
| 942 | |c BK | ||
| 952 | |0 0 |1 0 |4 0 |6 AR_863_000000000000000_CORL |7 0 |8 General |9 52076 |a BC |b BC |c General |d 2017-08-03 |o Ar863 CORL |p 1375268 |r 2025-11-26 00:00:00 |t 1 |w 2017-08-03 |y BK | ||
| 999 | |c 25665 |d 25665 | ||


